Acta antiqua Academiae Scientiarum Hungaricae. (Record no. 274451)
[ view plain ]
| 000 -LEADER | |
|---|---|
| fixed length control field | 01347cas a2200421 4500 |
| 001 - CONTROL NUMBER | |
| control field | 000742048 |
| 003 - CONTROL NUMBER IDENTIFIER | |
| control field | AM-YeHGA |
| 005 - DATE AND TIME OF LATEST TRANSACTION | |
| control field | 20250617143409.0 |
| 007 - PHYSICAL DESCRIPTION FIXED FIELD--GENERAL INFORMATION | |
| fixed length control field | t| |
| 008 - FIXED-LENGTH DATA ELEMENTS--GENERAL INFORMATION | |
| fixed length control field | 750720c19519999hu qx p 0 a0eng c |
| 022 ## - INTERNATIONAL STANDARD SERIAL NUMBER | |
| International Standard Serial Number | 0044-5975 |
| ISSN-L [OBSOLETE] | 0044-5975 |
| Source | z |
| 040 ## - CATALOGING SOURCE | |
| Original cataloging agency | AM-YeHGA |
| 041 0# - LANGUAGE CODE | |
| Language code of text/sound track or separate title | engfregerlatrus |
| 090 ## - LOCALLY ASSIGNED LC-TYPE CALL NUMBER (OCLC); LOCAL CALL NUMBER (RLIN) | |
| -- | 276095 |
| 210 0# - ABBREVIATED TITLE | |
| Abbreviated title | Acta ant. Acad. Sci. Hung. |
| 222 #0 - KEY TITLE | |
| Key title | Acta antiqua Academiae Scientiarum Hungaricae |
| 245 00 - TITLE STATEMENT | |
| Title | Acta antiqua Academiae Scientiarum Hungaricae. |
| 246 30 - VARYING FORM OF TITLE | |
| Title proper/short title | Acta antiqua |
| 260 ## - PUBLICATION, DISTRIBUTION, ETC. | |
| Place of publication, distribution, etc. | Budapest, : |
| Name of publisher, distributor, etc. | Akademiai Kiado [etc.]. |
| 300 ## - PHYSICAL DESCRIPTION | |
| Extent | v. : |
| Other physical details | ill. ; |
| Dimensions | 25 cm. |
| 310 ## - CURRENT PUBLICATION FREQUENCY | |
| Current publication frequency | Four no. a year |
| 362 0# - DATES OF PUBLICATION AND/OR SEQUENTIAL DESIGNATION | |
| Dates of publication and/or sequential designation | v. 1- 1951- |
| 546 ## - LANGUAGE NOTE | |
| Language note | English, French, German, Latin, or Russian. |
| 550 ## - ISSUING BODY NOTE | |
| Issuing body note | Issued by Magyar Tudomanyos Akademia. |
| 590 ## - LOCAL NOTE (RLIN) | |
| Local note | SERBIB/SERLOC merged record |
| 650 04 - SUBJECT ADDED ENTRY--TOPICAL TERM | |
| Topical term or geographic name entry element | Ամսագիր |
| 650 #0 - SUBJECT ADDED ENTRY--TOPICAL TERM | |
| Topical term or geographic name entry element | Classical philology |
| Form subdivision | Periodicals. |
| 650 #0 - SUBJECT ADDED ENTRY--TOPICAL TERM | |
| Topical term or geographic name entry element | Archaeology |
| Form subdivision | Periodicals. |
| 650 #0 - SUBJECT ADDED ENTRY--TOPICAL TERM | |
| Topical term or geographic name entry element | Classical antiquities |
| Form subdivision | Periodicals. |
| 650 17 - SUBJECT ADDED ENTRY--TOPICAL TERM | |
| Topical term or geographic name entry element | Klassieke talen. |
| Source of heading or term | gtt |
| 650 17 - SUBJECT ADDED ENTRY--TOPICAL TERM | |
| Topical term or geographic name entry element | Klassieke oudheid. |
| Source of heading or term | gtt |
| 710 2# - ADDED ENTRY--CORPORATE NAME | |
| Corporate name or jurisdiction name as entry element | Magyar Tudomanyos Akademia. |
| 890 ## - | |
| -- | Acta antiqua (Magyar tudomanyos akademia) (Budapest). 1951- . |
| -- | sv85-2114 |
| 942 ## - ADDED ENTRY ELEMENTS (KOHA) | |
| Source of classification or shelving scheme | Universal Decimal Classification |
| Koha item type | Շարունակական պաշար / Continuing Resource |
| Withdrawn status | Lost status | Damaged status | Not for loan | Collection | Home library | Current library | Date acquired | Cost, normal purchase price | Serial enumeration / chronology | Total checkouts | Full call number | Barcode | Date last seen | Price effective from | Koha item type | Public note |
|---|---|---|---|---|---|---|---|---|---|---|---|---|---|---|---|---|
| General | Fundamental Scientific Library | Fundamental Scientific Library | 29/12/2016 | 1000.00 | 2009, T.49, No. 1 | ИЖ 12 | 742556-10 | 29/12/2016 | 29/12/2016 | Շարունակական պաշար / Continuing Resource | 30 Days Loan | |||||
| General | Fundamental Scientific Library | Fundamental Scientific Library | 29/12/2016 | 1000.00 | 2009, T.49, No. 2 | ИЖ 12 | 742556-20 | 29/12/2016 | 29/12/2016 | Շարունակական պաշար / Continuing Resource | 30 Days Loan | |||||
| General | Fundamental Scientific Library | Fundamental Scientific Library | 29/12/2016 | 1000.00 | 2009, T.49, No. 3 | ИЖ 12 | 742556-30 | 29/12/2016 | 29/12/2016 | Շարունակական պաշար / Continuing Resource | 30 Days Loan | |||||
| General | Fundamental Scientific Library | Fundamental Scientific Library | 29/12/2016 | 1500.00 | 2009, T.49, No. 4 | ИЖ 12 | 742556-40 | 29/12/2016 | 29/12/2016 | Շարունակական պաշար / Continuing Resource | 30 Days Loan | |||||
| General | Fundamental Scientific Library | Fundamental Scientific Library | 29/12/2016 | 1500.00 | 2010, T. 50, No. 1 | ИЖ 12 | 742556-50 | 29/12/2016 | 29/12/2016 | Շարունակական պաշար / Continuing Resource | 30 Days Loan | |||||
| General | Fundamental Scientific Library | Fundamental Scientific Library | 29/12/2016 | 2000.00 | 2010, T. 50, No. 2-3 | ИЖ 12 | 742556-60 | 29/12/2016 | 29/12/2016 | Շարունակական պաշար / Continuing Resource | 30 Days Loan | |||||
| General | Fundamental Scientific Library | Fundamental Scientific Library | 29/12/2016 | 1000.00 | 2010, T. 50, No. 4 | ИЖ 12 | 742556-70 | 29/12/2016 | 29/12/2016 | Շարունակական պաշար / Continuing Resource | 30 Days Loan |
ՀՀ Գիտությունների ազգային ակադեմիայի հիմնարար գիտական գրադարան = Fundamental Scientific Library of NAS RA
All site content, except where otherwise noted, is licensed under a